KFZ Kennzeichen - Hessen - Statistiken

Allgemein
  • Dieses Quiz wurde 134 mal gespielt
    66 seit der letzten Aktualisierung
  • Das Durchschnittsergebnis liegt bei 16 aus 23
Antwortstatistiken
Abkürzung Stadt/Landkreis % Korrekt
F Frankfurt
98%
WI Wiesbaden
95%
DA Darmstadt
94%
GI Gießen
92%
OF Offenbach
92%
GG Groß-Gerau
87%
KS Kassel
86%
MTK Main-Taunus-Kreis
81%
LM Limburg-Weilburg
78%
MR Marburg-Biedenkopf
76%
RÜD Rüdesheim
76%
LDK Lahn-Dill-Kreis
75%
DI Dieburg
71%
HP Heppenheim
68%
HU Hanau
67%
FB Friedberg
65%
ERB Erbach
57%
ESW Eschwege
57%
KB Korbach
51%
HG Bad Homburg
49%
HEF Hersfeld-Rotenburg
49%
VB Vogelsbergkreis
41%
HR Homberg
38%
Keine übereinstimmenden Quizze gefunden
Verteilung der Resultate
Anzahl Personen mit jedem Resultat
Perzentil nach korrekt beantworteten Fragen
Ihre Resultats-Entwicklung
Sie haben dieses Quiz seit der letzten Aktualisierung nicht gespielt